000
00261nam a2200109Ia 4500
008
190216s9999||||xx |||||||||||||| ||und||
100
_a
Vadakumkoor Raja Rajavarma
245
0
_a
Krishna Gatha
260
_b
Shanti Books House
650
_a
Kavithkal
942
_c
BK
999
_c
24340
_d
24340